000
00198nam a2200073Ia 4500
008
170817s9999 xx 000 0 und d
100
_a
Singh.P K
245
0
_a
Samaajik vigyaan evam uska Shikshaan
260
_b
Agarwal Prakashan Agara
999
_c
39369
_d
39369